000 00859nam a2200265Ia 4500
003 OSt
005 20220918170648.0
006 a|||||r|||| 00| 0
007 ta
008 220917b |||||||| |||| 00| 0 eng d
020 _a9780415522991 (hbk)
_c795
024 _a263,373
037 _b28/2012-13, 12/07/2012, Pioneer Book Distributors
_cTextual
040 _aARTS
_cARTS
_beng
041 _2eng
_aeng
082 _aV2:1963.P1, Q2
100 _aPatel Sujata Ed.
245 0 _aContemporary India and South Africa
_b Legacies, identities, dilemmas
260 _aLondon
_bRoutledge UK
_c2012
300 _ax, 330p.
_ccm.
650 _aHISTORY
700 _a Uys Tina Ed.
_930251
942 _hV2:1963.P1, Q2
_cTEXL
_2CC
999 _c135062
_d135062